000 00836nas a2200253 4500
001 BR9202203
003 BR-BrBNA
005 20231205092450.0
007 ta
008 230509b bl.|||p| |||| 00| 00por d
040 _aBR-BrBNA
_bpor
_cBiblioteca Nacional de Agricultura
041 _a(Pt)
072 _aF30
100 1 _aSantos, P.E.T. dos
100 1 _aGarcia, C.H.
100 1 _aMori, E.S.
100 1 _aMoraes, M.L.T. de
245 1 _aPotencial para programas de melhoramento, estimativas de parametros geneticos e interacao progenies x locais em populacaoes de Eucalyptus urophylla S.T. Blake
650 _aEUCALIPTO
650 _aMELHORAMENTO GENETICO VEGETAL
773 0 _tIPEF (Brazil)
_xISSN 0100-4557
_g(1990), (no. 43-44) p. 11-19
_wBR9202203
909 _a202311
_bLúcia
_c55
_dLúcia Elande
942 _2AGRIS
_n0
_cANA
999 _c131910
_d131910